Cội nguồn (Truyện ký) Truyện ký

Uloženo v:
Podrobná bibliografie
Hlavní autor: Dương Đình Hùng
Médium: Kniha
Jazyk:Undetermined
Vydáno: Tp. HCM Thanh Niên 2000
Témata:
Tagy: Přidat tag
Žádné tagy, Buďte první, kdo otaguje tento záznam!
Thư viện lưu trữ: Trung tâm Học liệu Trường Đại học Cần Thơ
LEADER 00550nam a2200181Ia 4500
001 CTU_37221
008 210402s9999 xx 000 0 und d
082 |a 895.9223 
082 |b H513c 
100 |a Dương Đình Hùng 
245 0 |a Cội nguồn (Truyện ký) 
245 0 |b Truyện ký 
245 0 |c Dương Đình Hùng 
260 |a Tp. HCM 
260 |b Thanh Niên 
260 |c 2000 
650 |a short stories, vietnamese,vietnamese literature - 20th century 
980 |a Trung tâm Học liệu Trường Đại học Cần Thơ